| 000 | 00692nam a2200181 a 4500 | ||
|---|---|---|---|
| 005 | 20140414132118.0 | ||
| 008 | 111117s19uu xx 00 eng d | ||
| 020 | _a 0810938251 | ||
| 050 |
_aM 808.83 _bB29 1992 |
||
| 100 | _aBase, Graeme. | ||
| 245 |
_aThe sign of the seahorse : a tale of greed and high adventure in two acts / _cGraeme Base. |
||
| 260 |
_aNew York : _bH.N. Abrams, _c1992. |
||
| 520 | _aThe inhabitants of a coral reef are threatened when a shady real estate deal started by the greedy Groper floods their area with poisonous waste. | ||
| 650 |
_aMarine animals _xFiction. |
||
| 650 |
_aMarine pollution _x Fiction. |
||
| 650 |
_aPollution _x Fiction. |
||
| 999 |
_c114967 _d114967 |
||